Statistics for Fruit and Veg Quiz

Click here to take the quiz!

General Stats

  • This quiz has been taken 11 times
  • The average score is 14 of 16

Answer Stats

Answer% Correct
Apple
100%
Blackberry
100%
Blueberry
100%
Broccoli
100%
Carrot
100%
Peach
100%
Peas
100%
Strawberry
100%
Cauliflower
90%
Grapefruit
90%
Onion
90%
Fig
80%
Avocado
70%
Cabbage
70%
Cherries
70%
Sweet Potato
20%

Score Distribution

Percentile by Number Answered

Percent of People with Each Score

Your Score History

You have not taken this quiz